Bir Erbakan rüyası: (Record no. 14802)

MARC details
000 -BAŞLIK
Sabit Uzunlukta Kontrol Alanı 00808nam a22002297a 4500
999 ## - SİSTEM KONTROL NUMARALARI (KOHA)
Koha Biblionumber 14802
Koha Biblioitemnumber 14802
003 - KONTROL NUMARASI IDENTIFIER
Denetim Alanı MIRAKIL
005 - SON İŞLEM TARİHİ VE ZAMANI
Denetim Alanı 20220209170726.0
008 - SABİT-BOY VERİ ELEMANLARI - GENEL BİLGİLER
Sabit Uzunlukta Kontrol Alanı 220209b tu ||||| |||| 00| 0 tur d
040 ## - KATALOGLAMA KAYNAK
Orijinal Kataloglama Ajansı TR-AnCHP
Kataloglama Dili tur
Metne Dönüştürmek Ajansı TR-AnCHP
041 ## - DİL KODU
Metin / Ses Parça Veya Ayrı Başlığın Dil Kodu tur
082 ## - DEWEY ONLU SINIFLANDIRMA NUMARASI
Sınıflandırma Numarası 324.2382
Ürün Numarası Y35 [2021]
110 ## - ANA GİRİŞ - KURUMSAL ADI
Giriş Elemanı Olarak Kurumsal Ad Veya Yargı Alanı Adı Yeniden Refah Partisi
245 ## - BAŞLIK TABLOSU
Başlık Bir Erbakan rüyası:
Başlığın Kalan Yeni ve adil bir dünya için biz varız/
Sorumluluk Tablosu, Vb Yeniden Refah Partisi.
246 ## - UNVAN FORM VARYING
Başlık Doğru / Kısa Başlığı Yeni ve adil bir dünya için biz varız
260 ## - YAYIN, DAĞITIM, VB
Yayın, Dağıtım, Vb Yeri Ankara:
Yayıncı, Dağıtıcı, Vs Adı Refah Partisi,
Yayın, Dağıtım, Vb Tarihi [2021].
300 ## - FİZİKSEL TANIM
Kapsam 122 s.:
Boyutlar 20 sm.
610 #0 - KONU KATMA GİRİŞ - TOPLANTI ADI
Giriş Elemanı Olarak Kurumsal Ad Veya Yargı Alanı Adı Yeniden Refah Partisi
Genel Alt Bölüm Propaganda ve ideolojiler
9 (RLIN) 6977
610 #0 - KONU KATMA GİRİŞ - TOPLANTI ADI
Giriş Elemanı Olarak Kurumsal Ad Veya Yargı Alanı Adı Yeniden Refah Partisi
Genel Alt Bölüm Sorunlar ve çözüm önerileri
9 (RLIN) 6977
650 ## - KONU KATMA GİRİŞ - TOPİKAL DÖNEM
Topikal Süreli Veya Coğrafi Ad Giriş Elemanı Siyasal partiler
Coğrafi Alt Bölümü Türkiye
740 ## - KATMA GİRİŞ - KONTROLSUZ İLGİLİ / ANALİTİK BAŞLIK
Kontrol Edilmeyen / İlgili Analitik Başlıktaki Yeni ve adil bir dünya için biz varız
942 ## - EKLENDİ GİRİŞ ELEMANLARI (KOHA)
Sınıflandırma Veya Raf Düzeni Kaynak Dewey Decimal Classification
Koha Öğesi Türü Books
Holdings
Kalıcı Konum Mevcut Konum Edinme Tarihi Toplam Check-Out'Lar Tam Çağrı Numarası Barkod Tarih Son Görülme İtibaren Geçerli Fiyatlar Koha Öğesi Türü
CHP Kütüphanesi CHP Kütüphanesi 02/09/2022   324.2382 Y35b [2021] 020302 02/09/2022 02/09/2022 Books